| 000 | nam a22 7a 4500 | ||
|---|---|---|---|
| 999 |
_c234570 _d234570 |
||
| 005 | 20170324121338.0 | ||
| 008 | 170324b xxu||||| |||| 00| 0 eng d | ||
| 020 | _a9789699532023 | ||
| 040 | _c. | ||
| 082 | _aBB-414 | ||
| 100 | _aAli, Safder | ||
| 245 |
_aThe Hindu Heritage Of Pakistan / _cDr Safdar Ali Shah & Syed Javaid Kazmi |
||
| 260 |
_aLahore, _bTopical, _c2013. |
||
| 300 |
_a121p. ; _c32 cm. |
||
| 942 |
_2ddc _cBK |
||